[Event "Corus"]
[Site "Wijk aan Zee"]
[Date "2001.01.25"]
[Round "10"]
[White "Fedorov, Alexei"]
[Black "Morozevich, Alexander"]
[Result "0-1"]
[WhiteElo "2575"]
[BlackElo "2745"]
[Annotator "Ftacnik,L"]
[PlyCount "64"]
[EventDate "2001.01.13"]
[EventType "tourn"]
[EventRounds "13"]
[EventCountry "NED"]
[EventCategory "19"]
[SourceTitle "CBM 081"]
[Source "ChessBase"]
[SourceDate "2001.03.20"]
[SourceVersion "1"]
[SourceVersionDate "2001.03.20"]
[SourceQuality "1"]

{[%mdl 1]} 1. e4 c5 2. Nc3 d6 3. Nge2 Nf6 4. g3 Nc6 5. Bg2 g6 6. d4 cxd4 7.
Nxd4 Bg4 8. Nde2 Bg7 9. h3 Bd7 10. O-O O-O 11. a4 a6 12. Nd5 Rb8 13. c3 b5 14.
axb5 axb5 15. Bg5 (15. Nxf6+ Bxf6 16. Bh6 Re8 17. Nf4 b4 18. Nd5 Bh8 $11) 15...
Nxd5 16. exd5 Ne5 17. Nd4 (17. b4 Bxh3 18. Bxe7 (18. Bxh3 Nf3+ 19. Kh1 Nxg5 20.
Bg2 f5 21. Nd4 Bxd4 22. Qxd4 Rc8 $15) 18... Qxe7 19. Bxh3 Nf3+ 20. Kh1 Rfe8 $15
) 17... b4 $1 {Black defends weak spots c6 and e7 and starts active play
against white pawns structure.} 18. cxb4 (18. f4 h6 19. Bh4 Nc4 20. Qe2 Qc7 21.
Nc6 Bxc6 22. Qxc4 Qb6+ 23. Rf2 bxc3 $1 $13) 18... Rxb4 19. Nc6 Bxc6 $1 (19...
Nxc6 20. dxc6 Be6 21. Ra7 Re8 22. Re1 Rxb2 23. c7 Qd7 24. Bxe7 $1 $14) 20. dxc6
h6 21. Bd2 (21. Bc1 e6 $15) 21... Rxb2 22. Ba5 Qc8 23. Qd5 (23. Bc3 Rb5 $17)
23... Qf5 24. g4 (24. f4 e6 $1 25. Qe4 (25. Qxd6 Nc4 26. Qc7 Qc2 $19) 25...
Qxe4 26. Bxe4 Nc4 27. Ra4 d5 $19) 24... Qf4 25. c7 Nxg4 $1 {[%mdl 64] The
tactics directed against the king tends be very effective.} (25... Nc4 26. Qe4
$1 (26. Rac1 Be5 27. Rfe1 Qxf2+ 28. Kh1 Qf4 29. Kg1 Qh2+ 30. Kf1 Bd4 $19) (26.
Rfc1 Qxf2+ 27. Kh1 Ne3 28. Qf3 Qxg2+ 29. Qxg2 Nxg2 30. c8=Q Rxc8 31. Rxc8+ Kh7
$19) 26... Qxe4 27. Bxe4 Nxa5 28. Rxa5 $14) 26. hxg4 Be5 27. Qxe5 $8 (27. Rfd1
Qxf2+ 28. Kh1 Qh4+ 29. Kg1 Bh2+ 30. Kh1 Bf4+ 31. Kg1 Be3+ 32. Kf1 Qf2#) 27...
dxe5 28. Rad1 (28. Rab1 Rc2 (28... Rxb1 29. Rxb1 Qxg4 30. Rb8 Rc8 31. Kh2 e4
32. Rxc8+ Qxc8 33. Bxe4 f5 $19) 29. Rb4 Qf6 30. Bb7 Qh4 $19) 28... Rc2 29. Rd8
e4 30. Bb6 Qxg4 (30... Rxc7 31. Bxc7 Qxc7 32. Rxf8+ Kxf8 33. Bxe4 Qf4 34. f3 f5
$19) 31. Ra1 (31. Re1 e3 $1 $19) 31... e3 $1 32. Raa8 Rc1+ (32... Rc1+ 33. Kh2
Qh4+ 34. Bh3 Qf4+ 35. Kg2 Qxf2#) 0-1

[Event "GER-ch 77th"]
[Site "Osterburg"]
[Date "2006.02.03"]
[Round "1"]
[White "Hoepfl, Thomas"]
[Black "Meister, Jakob"]
[Result "0-1"]
[WhiteElo "2313"]
[BlackElo "2502"]
[Annotator "Ftacnik,L"]
[PlyCount "50"]
[EventDate "2006.02.03"]
[EventType "swiss"]
[EventRounds "9"]
[EventCountry "GER"]
[SourceTitle "CBM 112"]
[Source "ChessBase"]
[SourceDate "2006.06.07"]
[SourceVersion "1"]
[SourceVersionDate "2006.06.07"]
[SourceQuality "1"]

1. e4 c5 2. Nf3 d6 3. d4 cxd4 4. Nxd4 Nf6 5. Nc3 g6 6. g3 Nc6 7. Nde2 Bd7 8.
Bg2 Qc8 9. h3 Bg7 10. Nf4 O-O 11. Ncd5 $6 Nxd5 12. exd5 {The score for white
is not exactly encouraging as he struggles to finish development and tame
active black pieces.} (12. Nxd5 Re8 13. c3 Ne5 14. f4 Nc4 15. a4 Qc5 16. Qd3 b5
17. Ne3 Rac8 18. Nxc4 Qxc4 19. Qxc4 Rxc4 20. axb5 Rxc3 21. bxc3 Bxc3+ 22. Kf2
Bxa1 $17 {0-1 Inkiov,V (2440)-Marcelin,C (2452)/Paris 2002/ (64)}) 12... Ne5 (
12... Nb4 13. O-O Nxc2 14. Rb1 Bb5 15. Ne2 Qf5 16. Bf4 Rac8 17. Rc1 Rc5 18. Bf3
Bxb2 19. Rb1 Be5 {0-1 Zieher,H (2235)-Mandl,R/Germany 1984/ (30)}) 13. a4 (13.
O-O b5 14. g4 b4 15. Nd3 a5 16. Re1 Re8 17. a3 Bb5 18. Nxe5 Bxe5 19. axb4 axb4
20. Rxa8 Qxa8 21. Qd2 Bc4 22. Qxb4 Bxd5 23. Bxd5 Qxd5 $15 {0-1 Jaitte,P-Henao,
R (2380)/Buenos Aires 1991/ (54)}) 13... Qc4 14. Qe2 $2 {Meister is clearly
leading in development so it is no wonder, that this meak move is not solving
white´s problem.} (14. Ne2 Bf5 15. Nc3 Nd7 16. Ra3 h5 $17) 14... Rfc8 15. c3
Bxa4 (15... g5 16. Nh5 Nd3+ 17. Kf1 Nxc1 18. Rxc1 Be5 $17) 16. Qxc4 Rxc4 17.
Be3 (17. Bf1 Re4+ 18. Be3 Bd7 $17) 17... Be8 18. Rxa7 (18. Kd2 Rcc8 19. b3 Nd7
20. Ne2 a5 $17) (18. Bxa7 Ra4 19. Rxa4 Bxa4 20. Be3 Bb5 21. Kd2 g5 22. Nh5 Nc4+
23. Kc2 Nxe3+ 24. fxe3 Be5 $17) 18... Rxa7 19. Bxa7 {Hoepfl just about manages
to keep material balance, but now the position will collapse under attack of
well prepared black pieces.} Ra4 20. Bd4 (20. Be3 Ra1+ 21. Kd2 Nc4+ 22. Ke2 Ra2
$19) 20... Ra1+ 21. Kd2 (21. Ke2 Bb5+ 22. Ke3 Nc4+ 23. Ke4 Ra2 24. b3 f5+ 25.
Kf3 Nd2+ 26. Ke3 g5 27. Nd3 Bxd4+ 28. cxd4 Nxb3 $19) 21... Nc4+ 22. Kc2 (22.
Ke2 Ra2 23. Bxg7 Kxg7 24. Rb1 Nxb2 $17) 22... Ba4+ {Rarely all black pieces
play in such a full harmony.} 23. Kd3 (23. b3 Ra2+ 24. Kd1 Bxb3+ 25. Ke1 Bxd4
26. cxd4 Rd2 $19) 23... Nxb2+ 24. Ke3 Nd1+ 25. Kd3 (25. Kf3 Bxd4 26. cxd4 g5
27. Nd3 Bb5 $19) 25... Ra2 0-1

[Event "EU-chT (Men) 14th"]
[Site "Plovdiv"]
[Date "2003.10.15"]
[Round "5.4"]
[White "Socko, Bartosz"]
[Black "Sedlak, Nikola"]
[Result "1-0"]
[WhiteElo "2547"]
[BlackElo "2543"]
[Annotator "Ftacnik,L"]
[PlyCount "91"]
[EventDate "2003.10.10"]
[EventType "team-swiss"]
[EventRounds "9"]
[EventCountry "BUL"]
[SourceTitle "CBM 098"]
[Source "ChessBase"]
[SourceDate "2004.02.03"]
[SourceVersion "1"]
[SourceVersionDate "2004.02.03"]
[SourceQuality "1"]
[WhiteTeam "Poland"]
[BlackTeam "Serbia & Montenegro"]
[WhiteTeamCountry "POL"]
[BlackTeamCountry "YUG"]

1. e4 c5 2. Nf3 d6 3. d4 cxd4 4. Nxd4 Nf6 5. Nc3 g6 6. f3 e5 7. Nb3 Be6 8. Be3
Nc6 9. Qd2 d5 10. exd5 (10. Bg5 d4 11. Nd5 Bg7 12. Bc4 h6 13. Bxf6 Bxf6 14. O-O
Bg7 15. Nc5 Bc8 16. f4 exf4 17. Qxf4 O-O 18. Nf6+ Kh8 19. e5 Qe7 {0-1 Rovner,
D-Chekhover,V/Leningrad 1938/ (38)}) 10... Nxd5 11. Nxd5 (11. Bg5 Be7 12. Bxe7
Ndxe7 $11) 11... Qxd5 12. Qxd5 Bxd5 13. O-O-O O-O-O {White can claim minimal
advantage due to the queenside majority, but chances for win are small.} (13...
Be6 14. Nc5 Bxc5 15. Bxc5 Rc8 16. Bd3 f6 $11) 14. c4 Be6 15. Rxd8+ Kxd8 (15...
Nxd8 16. Bxa7 Bh6+ 17. Kc2 (17. Kd1 Kc7 18. c5 Bxb3+ 19. axb3 Ne6 20. Bb6+ Kc6
21. b4 Ra8 22. Kc2 $14) 17... Nc6 18. Bc5 Rd8 19. Bd3 $14) 16. Nc5 Bxc5 (16...
Bc8 17. Bd3 b6 18. Ne4 f5 19. Nf6 $13) 17. Bxc5 Kc7 18. Bd3 Rd8 19. Rd1 b6 20.
Ba3 (20. Be3 Nb4 21. Be2 Nxa2+ $15) 20... h5 21. b3 g5 (21... f5 22. Be2 Rd7
23. Bb2 g5 $11) 22. Bb1 Nd4 $2 {Sedlak plays actively, but in a very
suspicious way.} (22... Rxd1+ 23. Kxd1 f5 24. Bf8 g4 25. Bg7 a6 $11) 23. Re1 $1
Nc6 (23... f6 $2 24. Be7 $18) 24. Be4 g4 (24... f6 $2 25. Bxc6 Kxc6 26. Be7 $18
) 25. Bb2 (25. Bxc6 Kxc6 26. Rxe5 gxf3 27. gxf3 Rd3 28. Rxh5 Rxf3 $14) 25...
Nd4 (25... f6 26. fxg4 Bxg4 (26... hxg4 27. Rf1 f5 28. Bxf5 Rf8 29. Bd3 Rh8 30.
Be4 Rxh2 31. Rf6 $16) 27. h3 Bd7 28. Rf1 $16) 26. Bh7 gxf3 27. gxf3 (27. Rxe5
$2 f2 $1 28. Bd3 Nxb3+ $19) 27... f6 (27... Nxf3 28. Re3 Nd4 29. Rxe5 $14) 28.
f4 $1 {[%mdl 2048] The opening of the game must be good for the player with a
bishops pair.} Nf3 (28... Rd7 29. Bxd4 Rxh7 30. fxe5 f5 31. Rg1 $16) 29. Re2
Bg4 30. Rf2 Ne1 (30... Nd4 31. fxe5 fxe5 32. Be4 Be6 33. Rg2 Bg4 $11) 31. Rd2 (
31. Bc2 Nxc2 32. Kxc2 Re8 $11) 31... Rh8 (31... exf4 32. Rxd8 Kxd8 33. Bxf6+
Kd7 34. Be5 f3 35. Bd4 Ng2 36. Kd2 $14) 32. Bg6 Rh6 (32... exf4 33. Bxf6 Rh6
34. Be5+ Kc8 35. Bb1 f3 $13) 33. Bb1 exf4 34. Rf2 f3 35. h3 $1 Bxh3 36. Bc3 Ng2
(36... Bg4 37. Bxe1 h4 38. Bd2 $16) 37. Rxf3 Bg4 $6 {White is a pawn down, but
it is black that had to play very carefully.} (37... Bd7 $1 38. Bd2 (38. Bxf6
h4 39. Be5+ Kd8 $13) 38... Rh8 39. Rf2 Rg8 40. Rxf6 h4 $13) 38. Rf2 Nh4 (38...
Ne3 39. Bd2 Nd1 40. Rf4 Rh8 41. Bc2 $18) 39. Bd2 Rh8 40. Rxf6 Nf3 41. Bf4+ Kd7
(41... Kc8 42. Rf7 Bd7 43. Be4 $14) 42. Be4 h4 $2 {Very serious omission,
since now black king will have to go to the 8th rank and his life will be
misserable.} (42... Ke7 $1 43. Rg6 Kf7 44. Rc6 h4 45. Bd5+ Ke7 $14) 43. Rf7+
Ke8 (43... Ke6 44. Bd5#) 44. Rxa7 Rf8 (44... Rh5 45. Rg7 $18) 45. Bd6 Rf6 46.
Bc6+ (46. Bc6+ Bd7 47. Bxd7+ Kd8 48. c5 bxc5 49. Bxc5 $18) 1-0

[Event "EU-ch 1st"]
[Site "Saint Vincent"]
[Date "2000.07.08"]
[Round "6"]
[White "Sorensen, Jan"]
[Black "Markowski, Tomasz"]
[Result "0-1"]
[WhiteElo "2399"]
[BlackElo "2568"]
[Annotator "Ftacnik,L"]
[PlyCount "80"]
[EventDate "2000.07.03"]
[EventType "swiss"]
[EventRounds "11"]
[EventCountry "ITA"]
[SourceTitle "CBM 078"]
[Source "ChessBase"]
[SourceDate "2000.10.18"]
[SourceVersion "1"]
[SourceVersionDate "2000.10.18"]
[SourceQuality "1"]

1. e4 c5 2. Nf3 g6 3. d4 Bg7 4. Nc3 cxd4 5. Nxd4 Nc6 6. Nb3 Nf6 7. Be2 O-O 8.
O-O d6 9. Kh1 a5 10. a4 Be6 11. Bg5 Rc8 12. f4 Nb4 13. Nd4 Bc4 14. Ndb5 Bxb5
15. axb5 Nd7 16. Bg4 $5 (16. Qd2 Nc5 17. Bf3 Ne6 18. Bh4 Nd4 19. Bd1 b6 20. Bf2
e5 21. Bxd4 exd4 22. Ne2 Qe8 23. c3 dxc3 24. Nxc3 Qe6 {0-1 Botkin,V-Chernikov,
O/Ozery/1997/ (36)}) 16... Rc7 $6 {Black feels the pressure and sacrifices
importnat pawn, his compensation will e murky at best.} (16... h6 17. Bh4 f5 (
17... Bxc3 $6 18. bxc3 Rxc3 19. Be1 Re3 20. Qd2 Rxe4 21. c3 $16) 18. exf5 gxf5
19. Bh3 $14) 17. Rxa5 Nb6 18. Be2 (18. Ra7 Nc4 19. b6 (19. Qc1 Nxb2 20. Nd5
Nxd5 21. exd5 f5 22. Be2 Qc8 $13) 19... Nxb6 20. Qe2 Qb8 $11) 18... Qd7 19. Ra3
(19. f5 $1 $16) 19... Nc4 20. Bxc4 (20. b6 Nxa3 21. bxc7 Naxc2 $15) 20... Rxc4
21. Rb3 (21. f5 $16) 21... Rfc8 22. f5 h6 23. fxg6 fxg6 (23... hxg5 $2 24.
gxf7+ Kf8 25. Qh5 $18) 24. Bh4 Qe6 25. Be1 (25. Qd2 Rd4) (25. Bf2 Bxc3 26. bxc3
Na2 $11) 25... Rd4 26. Qe2 (26. Qb1 Nd3 27. cxd3 (27. b6 Nc5 28. Ra3 Nxe4 $13)
27... Qxb3 28. Bf2 Rxc3 (28... Rb4 29. Nd5 Rc2 30. Nxb4 Rxb2 31. Qc1 Qxb4 32.
b6 $11) 29. Bxd4 Rc2 30. Rf2 Rxf2 31. Bxf2 Qxb5 $11) 26... Nd3 27. Nd5 $2 {
Sorensen collapses under the pressure instead of looking for active play with
equality.} (27. cxd3 $1 Qxb3 28. Bf2 Rf8 (28... Rb4 29. Nd5 Rc2 30. Qf3 Rxb5 (
30... Ra4 31. Nxe7+ Kh7 32. Nxg6 $40) 31. Bd4 $1) 29. Bxd4 Rxf1+ 30. Qxf1 Bxd4
$11) 27... Nc1 (27... Rxe4 $1 28. Qxd3 (28. Qd2 Nxe1 29. Re3 Nxg2 30. Rxe4 Qxe4
31. Qxg2 Qxg2+ 32. Kxg2 Rxc2+ $19) 28... Rxe1 29. c4 (29. Nf4 Qe4 $19) 29...
Rf8 $19) 28. Qe3 Nxb3 (28... Rxc2 $6 29. Rc3 Rxe4 30. Qf3 Rxe1 31. Rxc2 Nd3 32.
Rd2 $11) 29. Qxb3 Kh8 30. Qg3 (30. Bh4 g5 31. Bg3 Rxe4 $19) 30... Rxe4 31. Nf4
{Black is so completely winning, that is is difficult for him to choose the
simpliest win. The cunny 31...Rf8! was very nice and decisive, but even the
simple text is more than sufficient.} Rxf4 (31... Rf8 $1 32. Bc3 (32. Nxg6+
Qxg6 33. Rxf8+ Bxf8 34. Bc3+ Kh7 $19) 32... Rfxf4 33. Rxf4 Rxf4 34. Qxf4 Bxc3
35. Qxh6+ Kg8 $19) 32. Rxf4 (32. Qxf4 Rf8 $19) 32... Rxc2 33. Rf1 Rxb2 34. Bc3
Rxb5 35. Re1 (35. Qf4 Kg8 (35... Rf5 $4 36. Qxh6+ Kg8 37. Qxg7#) 36. Bxg7 Rf5
$19) 35... Qf7 36. Qe3 Bxc3 37. Qxc3+ Kh7 38. h3 Re5 39. Rxe5 Qf1+ 40. Kh2 Qf4+
0-1

[Event "Guillermo Garcia Memorial-A 08th"]
[Site "Santa Clara"]
[Date "2000.06.01"]
[Round "7"]
[White "Mateo, Ramon"]
[Black "Gonzalez Acosta, Bernal Manuel"]
[Result "0-1"]
[WhiteElo "2408"]
[BlackElo "2416"]
[Annotator "Ftacnik,L"]
[PlyCount "70"]
[EventDate "2000.05.24"]
[EventType "tourn"]
[EventRounds "13"]
[EventCountry "CUB"]
[EventCategory "9"]
[SourceTitle "CBM 078"]
[Source "ChessBase"]
[SourceDate "2000.10.18"]
[SourceVersion "1"]
[SourceVersionDate "2000.10.18"]
[SourceQuality "1"]

1. e4 c5 2. Nf3 Nc6 3. d4 cxd4 4. Nxd4 g6 5. Nb3 Bg7 6. Be2 Nf6 7. Nc3 d6 8.
O-O O-O 9. Bg5 a6 10. f4 b5 11. a3 Be6 12. Kh1 Rc8 13. Bf3 Nd7 14. f5 Bc4 15.
Be2 (15. Rf2 Bxc3 16. bxc3 Nce5 $15) 15... Nb6 16. Nc1 (16. fxg6 hxg6 17. Be3
Bxc3 18. bxc3 Na4 $15) 16... Nd4 {Black pieces are abviously doing a great job
in the center, but the position is still within the limits of equilibrium.} (
16... Bxc3 $6 17. bxc3 Bxe2 18. Nxe2 Nc4 19. Bh6 $13) 17. Bxc4 (17. Bd3 $5 d5
18. fxg6 hxg6 19. exd5 $13) 17... Rxc4 18. Nd3 $6 (18. Nb3 Nxb3 19. cxb3 Rc6
$11) 18... d5 $1 19. fxg6 hxg6 20. exd5 (20. e5 Ne6 21. Bd2 $13) 20... Nxd5 21.
Nxd5 Qxd5 22. Bxe7 Re8 {The difference in piece activity is becoming
unsustainable, white had to pull the breaks and try to limit the demage.} 23.
Nb4 $2 (23. c3 $1 Rxe7 24. Nf4 Qg5 $17) 23... Qb7 24. b3 (24. Bg5 a5 25. Nd3
Rxc2 $17) 24... Rcc8 25. Bh4 a5 $1 26. Bf2 (26. Nd3 Rxc2 27. Rf2 Rxf2 28. Bxf2
Ne2 $19) 26... Re2 (26... Nf5 27. Qd5 Qxd5 28. Nxd5 Bxa1 29. Rxa1 Re2 $19) (
26... axb4 27. Bxd4 Rcd8 28. Rf4 Re4 29. Qf3 Rdxd4 30. axb4 Rxb4 31. c3 f5 32.
cxb4 Bxa1 $19) 27. c3 (27. Nd3 Rcxc2 $19) 27... Rxc3 (27... axb4 $1 28. cxd4
Rcc2 29. axb4 Rcd2 $19) 28. Ra2 $1 axb4 29. Rxe2 Nxe2 30. Qxe2 bxa3 {Despite
heroic effort white is still dead lost as the black a3 pawn can not be stopped.
} 31. b4 (31. Qa2 b4 $19) 31... Rc4 32. Bc5 (32. Qa2 Bb2 $19) 32... Qe4 33. Qf2
Qe6 34. h3 Re4 35. Rd1 a2 0-1

[Event "Chigorin Memorial 07th"]
[Site "St Petersburg"]
[Date "1999.11.09"]
[Round "8"]
[White "Voitsekhovsky, Stanislav"]
[Black "Popov, Valerij"]
[Result "0-1"]
[WhiteElo "2544"]
[BlackElo "2523"]
[Annotator "Ftacnik,L"]
[PlyCount "78"]
[EventDate "1999.11.02"]
[EventType "swiss"]
[EventRounds "9"]
[EventCountry "RUS"]
[SourceTitle "CBM 074"]
[Source "ChessBase"]
[SourceDate "2000.02.01"]
[SourceVersion "1"]
[SourceVersionDate "2000.02.01"]
[SourceQuality "1"]

1. e4 c5 2. Nf3 d6 3. d4 Nf6 4. Nc3 cxd4 5. Nxd4 g6 6. Be2 Bg7 7. O-O O-O 8.
Bg5 Nc6 9. Nb3 Be6 10. f4 Na5 11. Kh1 Nc4 12. f5 Nxb2 13. Qc1 (13. Qe1 Bd7 (
13... Bc4 $2 14. Bc1 $18)) 13... Bc4 (13... Qc8 14. e5 Qxc3 15. exf6 exf6 16.
Bd2 Qe5 17. Re1 Qxf5 18. Nd4 Qc5 19. Qxb2 f5 20. c3 Bd5 21. Bf1 {1-0 Leveille,
F-Hua Lefong/Montreal/1996/ (44)}) 14. e5 $6 {The tactics works well for black,
this ambitious move was already proven to be wrong.} (14. Qxb2 Bxe2 (14... Nxe4
15. Bxc4 Bxc3 16. Qc1 Bxa1 17. Nxa1 Nxg5 18. Qxg5 Kh8 19. Qh6 d5 20. Bd3 Kg8
21. Nb3 Qd6 {1/2-1/2 Carton,C-Le Quang,K/Paris/1998/ (28)}) 15. Nxe2 Nxe4 16.
f6 Nxf6 (16... exf6 17. Be3 Re8 18. Bd4 Qd7 (18... Rc8 19. Nf4 Qc7 20. c3 b6
21. Rac1 Qc6 22. c4 Qa4 23. Nd5 Rxc4 {1/2-1/2 Sziva,E-Heinatz,G/Farum/1993/ 
(47)}) 19. Ng3 Nxg3+ 20. hxg3 Qg4 21. Rf3 Bh6 22. Raf1 f5 23. c3 Re6 24. Nc1 b6
25. Nd3 Rae8 {1/2-1/2 Popova,N-Velcheva,M/Rimavska Sobota/ 1992/ (48)}) 17.
Nbd4 (17. Qc1 Rc8 18. Rb1 Qc7 19. Nbd4 Ne4 20. Bh6 e5 21. Bxg7 Kxg7 22. Qe3 Nc3
23. Nxc3 Qxc3 24. Nf5+ Kh8 25. Qh6 e4 26. Rb3 Qe5 27. Rh3 {1-0 Morawietz,
D-Wellner,E/Porz/1990/ (27)}) (17. c3 Rc8 18. Rac1 Qd7 19. Nd2 d5 20. Qa3 b6
21. Nd4 Rc5 22. N4b3 Rc7 23. Bf4 Rcc8 24. Be5 Rfe8 25. Qb4 Bh6 26. Bxf6 exf6
27. Qd4 f5 {0-1 Van der Wiel,J-Watson,W/Mondorf/1991/ (49)}) (17. Qd4 h6 18.
Bxf6 Bxf6 19. Rxf6 exf6 20. Nf4 Qe7 21. Nd5 Qe5 22. Nxf6+ Kg7 23. Ne4 Rfe8 24.
Nxd6 Re6 25. Nb5 Rd8 26. Qxe5+ Rxe5 27. N5d4 {1/2-1/2 Cabrilo,G-Inkiov,V/Varna/
1983/ (33)}) 17... Ne4 (17... Qd7 18. c4 Rac8 {Gipslis,A: 'N'} 19. Rac1 Rc5 20.
Be3 Rfc8 21. Qb3 d5 22. cxd5 Nxd5 23. Rxc5 Rxc5 24. Bg1 Rc8 25. Rd1 {1-0
Gipslis,A-Borge,N/Aalborg/1993/ (41)}) (17... Qa5 18. Bxf6 Bxf6 19. Qxb7 Rab8
20. Qe4 Qa4 21. Rad1 Rfc8 {0-1 Babaev,R-El Kher,H/Tallinn/1997/ (35)}) 18. Be3
Qd7 19. c4 Rac8 (19... d5 20. cxd5 Qxd5 21. Rab1 Nd6 $1 22. Qb3 Qxb3 23. Rxb3
Rfc8 24. Rd1 $1 Rc4 25. Kg1 Rac8 26. Nb5 Nf5 (26... Nxb5 27. Rxb5 b6 28. Rd7
R4c7 29. Rxc7 Rxc7 30. a4 $14 {_|_}) 27. Bf2 Rc2 {1/2-1/2 Gipslis,A-Nadyrhanov,
S/Alushta/1994/ (47)}) 20. Rac1 b6 21. Qb1 Nf6 22. Qb3 Qb7 23. Nc3 Rc5 24. Nf3
Rh5 25. Rce1 Ng4 26. Bg1 Rc8 27. Ne4 Ne5 {1/2-1/2 Gipslis,A-Savchenko,S/
Gausdal/1992/ (27)}) 14... Bxe2 15. Nxe2 Ne4 16. f6 exf6 17. exf6 Re8 18. Nc3 (
18. Ng3 Nxg5 19. Qxb2 Bh8 20. Rf2 h6 21. Raf1 Re6 22. c4 Nh7 23. Nd2 Qb6 24.
Qc1 Nxf6 25. Nde4 Nxe4 26. Nxe4 Rxe4 27. Rxf7 Bg7 {0-1 Khalifman,A-Savchenko,S/
URS/1984/ (30)}) 18... Nxg5 19. Qxg5 Re5 {Black has not only a spare pawn, but
also excellent defender in his Bg7.} (19... Rc8 20. Nd5 Re5 21. Qd2 Nc4 22. Qd4
Bf8 23. Rad1 Nb6 24. Ne3 Qe8 25. Rf3 Re4 26. Qd3 Bh6 {0-1 Kupreichik,V-Watson,
W/Germany/1993/ (39)}) 20. Qh4 (20. Qc1 Bxf6 21. Qxb2 Re3 22. Rxf6 Qxf6 23. Na4
Qh4 $1 24. Qd4 Re4 $19) 20... Rc8 21. Ne4 (21. Rf3 Nc4 22. Ne4 h6 $19) 21...
Bf8 22. Nd4 (22. Ng5 h6 23. Nf3 Re8 $19) 22... Rc4 23. c3 (23. Nd2 Ra4 24. Rfb1
Qb6 25. N2b3 Nc4 $17) 23... Na4 {Black has to be active to detract white from
his kingside, but he is doing a good job.} 24. Ng5 h6 25. Ngf3 (25. Nge6 Qc8 (
25... fxe6 $2 26. f7+ Kg7 27. Qxd8 $18) 26. Nxf8 Qxf8 $19) 25... Nxc3 26. Rae1
(26. Nxe5 dxe5 27. Ne6 Qd5 28. Qh3 Qxe6 $19) 26... Rxe1 27. Rxe1 Nd5 28. Qe4
Nxf6 (28... Qa5 29. Qe2 Qa4 $19) 29. Qxb7 Qb6 {Withot queens black will simply
be two pawns ahead.} 30. Qxb6 (30. Qa8 Rxd4 31. Nxd4 Qxd4 $19) 30... axb6 31.
Rb1 Nd7 32. g3 d5 33. Re1 Bc5 34. Re8+ Kg7 35. Nb5 Rc1+ 36. Kg2 Rc2+ 37. Kh3
Rxa2 38. Rc8 Nf6 39. Rc7 Rf2 (39... Rf2 40. Ne5 Ne4 $19) 0-1

[Event "Pinamar Masters 1st"]
[Site "Pinamar"]
[Date "2001.03.09"]
[Round "2"]
[White "Roselli Mailhe, Bernardo"]
[Black "Larsen, Bent"]
[Result "0-1"]
[WhiteElo "2400"]
[BlackElo "2500"]
[Annotator "Ftacnik,L"]
[PlyCount "100"]
[EventDate "2001.03.08"]
[EventType "tourn"]
[EventRounds "11"]
[EventCountry "ARG"]
[EventCategory "8"]
[SourceTitle "CBM 082"]
[Source "ChessBase"]
[SourceDate "2001.05.17"]
[SourceVersion "1"]
[SourceVersionDate "2001.05.17"]
[SourceQuality "1"]

1. e4 {Hecht} c5 2. Nf3 Nc6 3. d4 cxd4 4. Nxd4 g6 5. Nc3 Bg7 6. Nb3 d6 7. Be2
Nf6 8. O-O O-O 9. Bg5 Be6 10. Kh1 Rc8 11. f4 a6 12. Rb1 (12. a4 Na5 13. f5 Bxb3
14. cxb3 Rxc3 15. Bxf6 Rxb3 16. Bxg7 Kxg7 17. Bc4 Rb4 18. Bd5 Qb6 19. Qd2 Qd4 {
0-1 Kasimdzhanov,R-Kramnik,V/Wijk aan Zee/ 1999/ (47)}) (12. Bf3 Re8 13. Nd5
Na5 14. Nd4 Nc4 15. f5 Bxd5 16. exd5 Nxb2 17. Qc1 Nc4 18. fxg6 hxg6 19. Rb1 Qc7
20. Qf4 Ne5 {0-1 Uskova,F-Levitan,Y/Jakarta/1993/ (42)}) 12... Na5 (12... b5
13. Qd2 (13. f5 $6 Bd7 (13... Bxb3 $2 14. axb3 b4 15. Bxf6 Bxf6 16. Nd5 $16)
14. Bxf6 (14. Bd3 Ne5 $15) 14... Bxf6 15. Nd5 Bg7 16. c3 e6 17. f6 Bh8 18. Ne3
Be8 $15) 13... h6 14. Bxf6 Bxf6 15. Nd5 Bg7 16. Rfc1 f5 17. c4 $13) 13. e5 Nxb3
(13... dxe5 $2 14. Qxd8 Rfxd8 15. Nxa5 $18) 14. axb3 (14. exf6 exf6 15. Bh4 Nc5
$15) 14... dxe5 15. fxe5 Nd7 {Black has excellent pieces and perfect target in
e5 pawn, white fights for his dear life.} (15... Qxd1 16. Rbxd1 Ng4 17. Bf3 Rc7
18. Bxg4 Bxg4 19. Rd2 Bxe5 20. Nd5 Rd7 21. Bxe7 Re8 22. Ba3 Kg7 $15) 16. Bf3 b6
(16... Rb8 17. Qe2 Nxe5 18. Rbd1 Qc7 19. Bf4 Qc5 $15) 17. Bd5 (17. Bb7 $5 Rc7
18. Bxa6 Nxe5 19. Qe2 $11) 17... Nxe5 18. Bxe6 (18. Bb7 Qxd1 19. Rbxd1 Rc7 20.
Bxa6 Ra8 $15) 18... Qxd1 19. Rbxd1 (19. Bxf7+ $2 Nxf7 $19) 19... fxe6 20. Bxe7
Rxf1+ 21. Rxf1 Nc6 22. Bh4 (22. Ba3 Nd4 23. Rf2 Rc7 24. g4 Rf7 $17) 22... Nd4 {
[%mdl 4096] The typical Sicilian endgame that went fine for black , Roselli
Mailhe faces loss of material.} 23. Rf2 b5 24. b4 Rc4 (24... Rf8 25. Rxf8+ Kxf8
26. Ne4 Nxc2 27. Nc5 e5 28. Nxa6 e4 $17) 25. Be7 Nc6 26. Bd6 (26. Bf6 Rxb4 27.
Bxg7 Kxg7 28. b3 Rd4 $17) 26... Nxb4 27. b3 (27. Re2 Bxc3 28. bxc3 Nd5 29. Rxe6
Rxc3 30. Re2 Re3 $19) 27... Rc6 (27... Nd3 $1 28. Rf8+ (28. cxd3 Rxc3 29. g4
Rxd3 $19) 28... Bxf8 29. bxc4 Nf2+ 30. Kg1 Bxd6 31. Kxf2 bxc4 $19) 28. Bxb4
Bxc3 29. Bxc3 Rxc3 30. Kg1 {Hecht: '[#] Der Turm muss sich selbst helfen. Der
Königseinsatz erscheint zu langsam.'} a5 31. Kf1 {'?!' Hecht.} (31. Re2 $142 $1
{Hecht} a4 (31... Kf7 {Hecht} 32. Re5 $15) 32. bxa4 bxa4 33. Rxe6 Rxc2 34. Ra6
{mit Turmaktivierung.} Rc4 $17) 31... a4 32. bxa4 (32. Ke1 axb3 (32... a3 33.
Kd2 b4 34. Re2 Kf7 35. Re5 Rc7 $17) 33. cxb3 Rxb3 34. Rf6 Re3+ 35. Kd2 Re5 $19)
32... bxa4 33. Ke1 a3 34. Kd2 a2 35. Rf1 Ra3 36. Ra1 e5 {The rooks are placed
perfectly, but only from Larsen's perspective.} 37. Kc1 (37. c4 Kf7 38. Kc2 e4
39. Kb2 Ra6 $19) (37. c3 {Hecht} e4 38. Kc2 Ra8 39. Kb2 Kf7 40. Rf1+ Ke6 41.
Ka1 Ke5 $19) 37... e4 38. Kb2 Ra7 39. Kc3 (39. c4 Kf7 40. c5 Ke6 $19) 39... Kf7
40. Kd4 Ra4+ 41. c4 Ke6 42. Kxe4 (42. Kc3 e3 $19) 42... Rxc4+ 43. Kd3 Ra4 {
'-+' Hecht. Hecht: 'Klassische Gewinnposition'} 44. Kc3 Kf5 45. Kb3 Ra7 46. Kb2
(46. Rxa2 Rxa2 47. Kxa2 Ke4 48. Kb2 Ke3 $19) 46... Kg4 47. Kc3 h5 48. Kd3 h4
49. Ke3 h3 50. g3 (50. gxh3+ Kxh3 51. Kf2 Kxh2 $19) 50... Ra3+ (50... Ra3+ 51.
Kf2 Kf5 52. Ke2 Ke4 $19) 0-1